載入...

Vyasadarsanam

書目詳細資料
主要作者: Visakham Thirunal
格式: Printed Book
出版: Kottayam SPCS 2015
LEADER 00351nam a22001097a 4500
100 |a Visakham Thirunal 
245 |a Vyasadarsanam 
260 |a Kottayam  |b SPCS  |c 2015 
300 |a 173P 
942 |c BK 
999 |c 291118  |d 291118 
952 |0 0  |1 0  |4 0  |6 294_184100000000000_VIS_V  |7 0  |9 331379  |a HIS  |b HIS  |c ST1  |d 2017-07-11  |i 25524  |l 0  |o 294.1841 VIS/V  |p HIS25524  |r 2018-08-23  |w 2018-08-23  |y BK